000 00204nam a2200109Ia 4500
100 _a#N/A
942 _cBK
654 _apostgre
245 _aPractical Postgre
260 _b#N/A
_c2002
546 _aENGLISH
999 _c31066
_d31066